000 02740ngm a2200433 4500
003 dpl
005 20100304121923.0
007 ta
008 ||||||sp199 xxu|||||c ||| 00| 0 ng d
010 _aDVD-005878-5884
024 _aDHIF1792S
_c99.00
035 _aDVD-005878-5884
040 _aDPL
_cDPL
082 _aDVD GURU
245 _aGuru
_cMani Ratnam Film Presents
_h[videorecording] DVD/
260 _bMoserbaer Entertainment
300 _a1 videodisc DVD;
_bsd., col. ;
_c4 3/4 in.
_fDVD
440 _aMoserbaer Home Entertainment
500 _aMoserbaer India Ltd. has obtained the necessary license/consent from the owner of the copyright in the works for making this DVD Film.
538 _aDolby Digital 5.1 - Hindi Subtitles: English
538 _aThis DVD can be played back on DVD Players, multimedia systems & PC with MPEG card interactive with version 2.0 players.
650 _aMotion Picture
700 _aMani Ratnam
700 _aSriniwasan, G
700 _aBachchan, Abhishek
700 _aRai, Aishwarya
700 _aMadhvan
700 _aBalan, Vidya
700 _aChakraborty, Mithun
942 _cCF
_2ddc
_hDVD
_mGURU
999 _c34392
_d34392